000 00645nam a2200193 i 4500
001 92183
003 ES-MaACL
005 20230906180921.0
007 t|
008 050222s1968 sp ||||1| spa d
100 1 _aLheureux, G. E.
_972135
245 1 0 _aSoldadura por resistencia /
_cpor G. E. Lheureux y E. J. Belotte; [traducida por Eduardo Aldeanueva y Estanislao Pérez].
260 _aBarcelona :
_bHispano-Europea,
_c[1968]
300 _a551 p. :
_bil.; 14 lám. ;
_c21 cm.
700 1 _aBelotte, E. J.
_927320
700 1 _aAldeanueva, Eduardo.
_919624
700 1 _aPérez, Estanislao.
_990570
852 _aES-MaACL
_jC-36955
_bR.67168
999 _c92183
_d92183